Welcome to CU Library Online Public Access Catalogue (OPAC)

Mastering employee development (Record no. 4372)

MARC details
000 -LEADER
fixed length control field 00399nam a22001577a 4500
005 - DATE AND TIME OF LATEST TRANSACTION
control field 20250226155705.0
008 - FIXED-LENGTH DATA ELEMENTS--GENERAL INFORMATION
fixed length control field 250226b |||||||| |||| 00| 0 eng d
020 ## - INTERNATIONAL STANDARD BOOK NUMBER
International Standard Book Number 9780333973585
050 ## - LIBRARY OF CONGRESS CALL NUMBER
Classification number HF5549
Item number PET
100 ## - MAIN ENTRY--PERSONAL NAME
Personal name Pettinger, Richard
245 ## - TITLE STATEMENT
Title Mastering employee development
260 ## - PUBLICATION, DISTRIBUTION, ETC.
Place of publication, distribution, etc. New York
Name of publisher, distributor, etc. Palgrave
Date of publication, distribution, etc. c2002
300 ## - PHYSICAL DESCRIPTION
Extent x, 225p
500 ## - GENERAL NOTE
General note includes index
942 ## - ADDED ENTRY ELEMENTS (KOHA)
Source of classification or shelving scheme Library of Congress Classification
Koha item type Books
Suppress in OPAC No
999 ## -
-- 4372
-- 4372
Holdings
Withdrawn status Lost status Source of classification or shelving scheme Damaged status Not for loan Collection Home library Current library Date acquired Total checkouts Full call number Barcode Date last seen Copy number Price effective from Koha item type
    Library of Congress Classification     Non-fiction Undergraduate Library (Christ Temple) Undergraduate Library (Christ Temple) 02/26/2025   HF5549.5 PET ulct00001401 02/26/2025 1 02/26/2025 Books
© 2023-2024 Copyright: Central University Libraries. All Rights Reserved | Created by: Mahone Tech Office